| 000 | 00348nam a2200133Ia 4500 | ||
|---|---|---|---|
| 008 | 220803s9999 xx 000 0 und d | ||
| 020 | _a9789383184293 | ||
| 041 | _aeng | ||
| 082 | _a720LAN | ||
| 100 |
_aLang J _927552 |
||
| 245 | _aArchitecture & Independence .-9789383184293 | ||
| 260 |
_a Ahmedabad _bCEPT University Press _c2022 |
||
| 300 | _a368p | ||
| 999 |
_c17604 _d17604 |
||